Krakatit /
Hlavním hrdinou je chemik inženýr Prokop, jemuž se podaří vyrobit nevídaně silnou výbušninu. Nazve ji Krakatit, podle indonéské sopky Krakatoa. Zvláštní vlastností Krakatitu je, že vybuchuje i zdánlivě bez příčiny. Rozjíždí se spleť intrik za účelem získání výrobního postupu. Tajemný mecenáš anarchi...
Uloženo v:
| Hlavní autor: | |
|---|---|
| Médium: | E-kniha |
| Jazyk: | Czech |
| Vydáno: |
Praha :
Artis,
2021
|
| Tagy: |
Žádné tagy |
| LEADER | 01762nam a22002297i 4500 | ||
|---|---|---|---|
| 001 | 311343 | ||
| 007 | ta | ||
| 008 | 260601s2021 xr ||||| |||| 00| 0 cze d | ||
| 020 | |a 9990003258083 | ||
| 044 | |a xr | ||
| 100 | 1 | |a Čapek, Karel |4 aut | |
| 245 | 1 | 0 | |a Krakatit / |c Čapek, Karel |
| 264 | 1 | |a Praha : |b Artis, |c 2021 | |
| 300 | |a 1 online zdroj (230 stran) | ||
| 336 | |a text |b txt |2 rdacontent | ||
| 337 | |a bez média |b n |2 rdamedia | ||
| 338 | |a online zdroj |b cr |2 rdacarrier | ||
| 520 | 2 | |a Hlavním hrdinou je chemik inženýr Prokop, jemuž se podaří vyrobit nevídaně silnou výbušninu. Nazve ji Krakatit, podle indonéské sopky Krakatoa. Zvláštní vlastností Krakatitu je, že vybuchuje i zdánlivě bez příčiny. Rozjíždí se spleť intrik za účelem získání výrobního postupu. Tajemný mecenáš anarchistů Daimon mu nabídne vládu nad světem s pomocí radiostanice, jež výbuchy krakatitu ovládá. Prokop neví, co si s nabytou mocí počít. Mezitím na výrobě Krakatitu dál pracuje i bývalý kolegaTomeš v prachárně Grottup. Navzdory Prokopovu varování se mu Krakatit podaří vyrobit, načež vyletí do vzduchu továrna i celé město. Bezcílně vrávorající Prokop se na závěr setkává s pohádkovým stařečkem - bohem a přijímá od něj smiřující poselství o dobru a nutnosti dělat pouze věci prospěšné lidem. | |
| 910 | |a RBIT002 | ||
| 998 | |d 325808 |a https://core.palmknihy.cz/api/books/325808/cover?qtpks1 |b https://core.palmknihy.cz/api/books/325808/cover/400?qtpks1 |c https://core.palmknihy.cz/api/books/325808/cover/50?qtpks1 |e 2099-01-01 |g 230 |i 9990003258083 |j https://core.palmknihy.cz/api/books/325808/preview.epub |l |q 49 |r 1 |s https://www.palmknihy.cz/kniha/325808 |t ebook |y 2021 |z 1 | ||
| 999 | |d 311341 | ||